000 01009nam0a22002411 4500
001 rc\1069767
005 20260407012145.0
035 _a(NLR Aleph) 006229744
090 _a6558990
_c6558990
100 _a20041129d1980 |||y0rusy50 ca
101 0 _arus
102 _aRU
105 _aa |||||||||
200 1 _aЛ.С. Скопцова
_eПерсон. выставка произведений
_eКаталог
_f[Сост. и авт. вступ. статьи В. Рязанов]
210 _aРостов н/Д
_cБ. и.
_d1980
215 _a18 с., 14 л. ил.
_d17х21
300 _aВ надзаг.: Рост. обл. упр. культуры, Рост. орг. Союза художников РСФСР
710 1 0 _aСкопцова,
_eРостов-на-Дону
_f1980
_gЛюдмила Савельевна
_hВыставка произведений
_9496910
_3RU\NLR\AUTH\889999871
801 0 _aRU
_bNLR
_gpsbo
801 1 _aRU
_bELAR
_2rusmarc
852 _aNLR
_bЭ
_jКП/С-443
942 _cBOOK
980 _aNB